000 00857nam a2200253Ia 4500
003 OSt
005 20220923215442.0
006 a|||||r|||| 00| 0
007 ta
008 220922b |||||||| |||| 00| 0 hin d
024 _a178,891
037 _cTextual
040 _aARTS
_cARTS
_bhin
041 _2hin
_ahin
082 _aO152,1I83:g, K7;L7
100 _aरावत, चन्द्र भान
245 0 _aसूर साहित्य
_b नव मूल्यांकन
246 _aSūr sāhitya: nav mūlyāankana
260 _aमथुरा
_b जवाहर पुस्तकालय
_c1977
300 _a506 पृ.
_ccm.
650 _aहिन्दी साहित्य
_9156264
942 _hO152,1I83:g, K7;L7
_cTEXL
_2CC
999 _c332272
_d332272